Ek doosre sikher se samnvad-3 (Record no. 439551)

000 -LEADER
fixed length control field 00353cam a22001217a 4500
008 - FIXED-LENGTH DATA ELEMENTS--GENERAL INFORMATION
fixed length control field 180718b2002 xxu||||| |||| 00| 0 eng d
020 ## - INTERNATIONAL STANDARD BOOK NUMBER
International Standard Book Number 81 267 0467 5
100 ## - MAIN ENTRY--PERSONAL NAME
Personal name chendershekher
245 ## - TITLE STATEMENT
Title Ek doosre sikher se samnvad-3
Statement of responsibility, etc. by chendershekher eidted by Harivans
260 ## - PUBLICATION, DISTRIBUTION, ETC.
Place of publication, distribution, etc. New Delhi
Name of publisher, distributor, etc. Rajkamal Prakashan
Date of publication, distribution, etc. 2002
300 ## - PHYSICAL DESCRIPTION
Extent 228p.
700 ## - ADDED ENTRY--PERSONAL NAME
Personal name Harivans
Holdings
Withdrawn status Lost status Damaged status Not for loan Permanent Location Current Location Date acquired Barcode Date last seen Price effective from Koha item type
        Indian Institute of Public Administration Indian Institute of Public Administration 2010-05-01 77511 2018-07-21 2018-07-21 Book

Powered by Koha